000
00211nam a22001097a 4500
041
_a
eng
080
_a
80
100
_a
Jodlowski, S.
245
_a
Zasady Pisowni Polskiey.
650
_a
Polish
999
_c
277847
_d
277847
942
_c
BK